Responses for Show #8004 - Thursday, May 30, 2019

James Holzhauer game 31.

Contestants

[<< previous game]

Rob Wolf, a family physician from Newark, Delaware

Megan Browndorf, a librarian from Washington, D.C.

James Holzhauer, a professional sports gambler from Las Vegas, Nevada (whose 30-day cash winnings total $2,323,971)

[next game >>]

Jeopardy! Round responses

REPLICAS
WORLD FACTS
ON THE BEACH
"IT" ME
(Alex: "I-T" coming up in each correct response.)
BOOK TITLES
CHILDISH BAMBINO
    $200 30
the Leaning Tower of Pisa

Rob
    $200 27
Greenland

Megan
    $200 26
beach volleyball

Rob
    $200 24
editorial

James
    $200 28
the postman

James
    $200 22
the umpire

James
    $400 29
the Globe

James
    $400 17
the Po

James
    $400 25
D-Day (or the invasion of Normandy)

Megan
    $400 23
a chastity belt

Rob
    $400 20
no good, very bad day

James
    $400 21
Lou Gehrig

James
    $600 18
Stonehenge

Megan
    $600 16
(Megan: What is Pompeii?)

Vesuvius

MeganRob
    $600 7
Baywatch

James
    $600 11
baritone

James
    $600 19
Remembrance of Things Past

James
    $600 15
(James: What is manager?)

captain

James
Triple Stumper
    $800 8
the Parthenon

James
    $4,000 5
Cote d'Ivoire (or the Ivory Coast)

James
    $800 6
Florida

Rob
    $800 10
accredit

Megan
    $800 13
The Shining

James
    $800 14
(James: My favorite quote.)

Hoover

James
    $1000 4
Stradivarius

James
    $1000 1
Asia Minor (or Anatolia)

James
    $1000 2
silicon dioxide (or silica)

James
    $1000 9
agita

Rob
    $1000 12
The Red Badge of Courage

James
    $1000 3
(Alex: The home field of the Yankees then.)

the Polo Grounds

James

Scores at the first commercial break (after clue 15):

James Megan Rob
$12,000 $800 $1,800

Scores at the end of the Jeopardy! Round:

James Megan Rob
$14,800 $1,400 $3,200

Double Jeopardy! Round responses

SOME OF THE TEA IN CHINA
FILL IN THEIR DATES
CLIMATE
PLACES THAT BECAME WORDS
WHAT'S THE BIG IDEA?
KOWALSKI, FILM ANALYSIS
    $400 26
pandas

James
    $400 27
15

Megan
    $400 28
weather

James
    $400 29
Airedale Terrier

James
    $400 30
calculus

Rob
    $400 23
A Streetcar Named Desire

Rob
    $800 16
Taiwan

James
    $5,000 18
January

James
    $800 17
ice ages

James
    $800 25
(Rob: What is Shenandoah?)

Limerick

MeganRob
    $800 24
Chuck Jones

Rob
    $800 22
George Clooney

James
    $1200 14
gunpowder

Megan
    $1200 3
1945

Triple Stumper
    $1200 9
a heat island

Rob
    $1200 5
Ebola

Megan
    $1200 6
self-determination

Rob
    $1200 21
Fantastic Beasts and Where to Find Them

James
    $1600 13
Twinings

Megan
    $1600 2
23rd

Triple Stumper
    $1600 8
melanoma

James
    $1600 7
(Alex: Yes, Tangier.)

tangerine

James
    $9,812 4
holistic

James
    $1600 20
Steve Martin

Megan
    $2000 15
Souchong

Megan
    $2000 11
1603

Triple Stumper
    $2000 10
desertification

Rob
    $2000 1
a Quonset hut

James
    $2000 12
Descartes

Megan
    $2000 19
Gran Torino

James

Scores at the end of the Double Jeopardy! Round:

James Megan Rob
$41,612 $12,200 $8,400
(lock game)

[wagering suggestions for these scores]

Final Jeopardy! Round responses

NATIONAL ANTHEMS
RobWhat is Belgium?
$8,399
MeganWhat Ger
$4,601
JamesWhat is Austria?
$17,000
Austria

Final scores:

James Megan Rob
$58,612 $7,599 $1
31-day champion: $2,382,583 2nd place: $2,000 3rd place: $1,000

Game dynamics:

Coryat scores:

James Megan Rob
$26,000 $12,200 $8,400
32 R
(including 3 DDs),
1 W
12 R,
1 W
12 R,
1 W

Combined Coryat: $46,600

[game clues] [game scores] [suggest correction]

Game tape date: Unknown
The J! Archive is created by fans, for fans. Scraping, republication, monetization, and malicious use prohibited; this site may use cookies and collect identifying information. See terms. The Jeopardy! game show and all elements thereof, including but not limited to copyright and trademark thereto, are the property of Jeopardy Productions, Inc. and are protected under law. This website is not affiliated with, sponsored by, or operated by Jeopardy Productions, Inc. Join the discussion at JBoard.tv.